Finance & financial markets / (رقم التسجيلة. 26201)

تفاصيل مارك
000 -الفاتح
حقل البيانات ثابتة الطول 00950cam a22002894a 4500
001 - رقم الضبط
رقم الضبط 16334662
003 - محدد رقم الضبط
رقم الضبط OSt
005 - وقت وتاريخ اخر تعامل مع التسجيلة
رقم الضبط 20150408114102.0
008 - عناصر البيانات ثابتة الطول - معلومات عامة
حقل البيانات ثابتة الطول 100715s2010 enka b 001 0 eng
010 ## - رقم ضبط مكتبة الكونجرس
رقم ضبط مكتبة الكونجرس 2010455281
020 ## - الرقم الدولى المعيارى للكتب
الرقم الدولى المعيارى للكتاب 9780230233218 (paper)
040 ## - مصدر الفهرسة
وكالة الفهرسة الأصلية DLC
وكالة النسخ DLC
وكالة التعديل DLC
042 ## - رمز التحقق
رمز التحقق pcc
050 00 - رقم طلب مكتبة الكونجرس
رقم التصنيف HG173
رقم المادة .P535 2010
082 00 - رقم تصنيف ديوى العشرى
رقم التصنيف 332
رقم الطبعة 22
100 1# - المدخل الرئيسى - إسم شخصى
الإسم الشخصى Pilbeam, Keith,
التواريخ المصاحبة للاسم 1961-
9 (RLIN) 17779
245 10 - بيان العنوان
العنوان Finance & financial markets /
بيان المسئوليه,etc Keith Pilbeam.
246 3# - العنوان الموازى
عنوان صحيح/عنوان مختصر Finance and financial markets
250 ## - بيان الطبعة
بيان الطبعة 3rd ed.
260 ## - PUBLICATION, DISTRIBUTION, ETC. (IMPRINT)
مكان الناشر او الموزع Basingstoke, Hampshire ;
-- New York :
اسم الناشر او الموزع Palgrave Macmillan,
تاريخ النشر أو التوزيع 2010.
300 ## - الوصف المادى
التعداد xxvi, 518 p. :
تفاصيل ماديه اخرى للوعاء ill. ;
أبعاد الوعاء 24 cm.
504 ## - تبصرة ببليوجرافية
تبصرة ببليوجرافية,الخ Includes bibliographical references (p. 513-518) and index.
650 #0 - المدخل الاضافى بالموضوع-مصطلح موضوعى
مصطلح موضوعي أو اسم جغرافي كعنصر مدخل Finance.
650 #0 - المدخل الاضافى بالموضوع-مصطلح موضوعى
مصطلح موضوعي أو اسم جغرافي كعنصر مدخل Financial institutions.
9 (RLIN) 7571
942 ## - عناصر المدخل الإضافي( كوها)
مصدر التصنيف او مخطط الترفيف Dewey Decimal Classification
Koha [default] item type كتاب
المقتنيات
حالة الفقد نموذج السعر الفعال حالة تلف ليس للاعارة رقم الطلب تاريخ الاكتساب الموقع الحالي الباركود الفرع الرئيسي Date last seen نوع المادة فى نظام كوها مصدر التصنيف او خطة الترفيف Total Checkouts
  2013-03-10     332 P K F 2012-11-30 المكتبة المركزية بالمجمعة (CL) 07000000010333 المكتبة المركزية بالمجمعة (CL) 2013-03-10 كتاب Dewey Decimal Classification  
  2013-03-10     332 P K F 2012-11-30 المكتبة المركزية بالمجمعة (CL) 07000000010332 المكتبة المركزية بالمجمعة (CL) 2013-03-10 كتاب Dewey Decimal Classification